[Event "DEM U14w 2023"]
[Site "Willingen GER"]
[Date "2023.05.29"]
[Round "3"]
[White "Moldovan, Tatiana"]
[Black "Müller, Cosima"]
[Result "1-0"]
[Termination "normal"]
[Board "3"]
[WhiteElo "1405"]
[BlackElo "1521"]
[WhiteClock "00:23:55"]
[BlackClock "00:15:54"]
[PlyCount "55"]
[WhiteFideId "16287398"]
[BlackFideId "34601490"]
[EventCountry "GER"]
[EventRounds "9"]
[EventType "swiss"]
[EventDate "2023.05.27"]

1. e4 {[%clk 01:30:59]} c5 {[%clk 01:30:56]} {[%emt 00:00:05]} 2. Nc3 {[%clk
01:31:18]} {[%emt 00:00:10]} Nc6 {[%clk 01:31:21]} {[%emt 00:00:05]} 3. Bb5
{[%clk 01:31:42]} {[%emt 00:00:06]} Nd4 {[%clk 01:31:47]} {[%emt 00:00:05]} 4.
Nf3 {[%clk 01:31:47]} {[%emt 00:00:25]} a6 {[%clk 01:32:08]} {[%emt 00:00:09]}
5. Be2 {[%clk 01:27:44]} {[%emt 00:04:32]} e6 {[%clk 01:28:26]} {[%emt
00:04:13]} 6. d3 {[%clk 01:25:50]} {[%emt 00:02:24]} g6 {[%clk 01:26:49]}
{[%emt 00:02:06]} 7. O-O {[%clk 01:24:49]} {[%emt 00:01:31]} Bg7 {[%clk
01:22:52]} {[%emt 00:04:28]} 8. Nxd4 {[%clk 01:12:14]} {[%emt 00:13:05]} cxd4
{[%clk 01:22:26]} {[%emt 00:00:56]} 9. Nb1 {[%clk 01:12:08]} {[%emt 00:00:36]}
Ne7 {[%emt 00:13:14]} 10. Nd2 {[%clk 01:05:17]} {[%emt 00:03:00]} O-O {[%clk
01:07:36]} {[%emt 00:06:57]} 11. f4 {[%clk 01:03:53]} {[%emt 00:01:53]} d6
{[%clk 01:05:17]} {[%emt 00:02:49]} 12. b3 {[%clk 00:57:44]} {[%emt 00:06:39]}
f5 {[%clk 01:00:38]} {[%emt 00:05:09]} 13. Ba3 {[%clk 00:52:56]} {[%emt
00:05:18]} fxe4 {[%clk 00:51:21]} {[%emt 00:09:47]} 14. Nxe4 {[%clk 00:48:51]}
{[%emt 00:04:36]} Nf5 {[%clk 00:50:53]} {[%emt 00:00:57]} 15. Qd2 {[%clk
00:43:39]} {[%emt 00:05:42]} Rf7 {[%clk 00:36:02]} {[%emt 00:15:21]} 16. Bg4
{[%clk 00:33:37]} {[%emt 00:10:32]} Ne3 {[%clk 00:30:38]} {[%emt 00:05:53]} 17.
Nxd6 {[%clk 00:33:53]} {[%emt 00:00:15]} Rc7 {[%clk 00:29:48]} {[%emt
00:01:19]} 18. Bd1 {[%clk 00:31:12]} {[%emt 00:03:13]} Nxf1 {[%clk 00:29:50]}
{[%emt 00:00:27]} 19. Kxf1 {[%clk 00:31:34]} {[%emt 00:00:07]} Bf8 {[%clk
00:29:18]} {[%emt 00:01:01]} 20. Nc4 {[%clk 00:30:29]} {[%emt 00:01:37]} Bxa3
{[%clk 00:25:54]} {[%emt 00:03:55]} 21. Nxa3 {[%clk 00:30:45]} {[%emt
00:00:13]} Rf7 {[%clk 00:25:32]} {[%emt 00:00:52]} 22. Kg1 {[%clk 00:29:49]}
{[%emt 00:01:27]} Qf8 {[%clk 00:25:33]} {[%emt 00:00:28]} 23. Nc4 {[%clk
00:28:09]} {[%emt 00:02:10]} Rxf4 {[%clk 00:25:45]} {[%emt 00:00:18]} 24. Bf3
{[%clk 00:28:18]} {[%emt 00:00:21]} Rb8 {[%clk 00:23:02]} {[%emt 00:03:14]} 25.
Re1 {[%clk 00:28:15]} {[%emt 00:00:31]} Rf5 {[%clk 00:18:52]} {[%emt 00:04:40]}
26. Bg4 {[%clk 00:24:14]} {[%emt 00:04:32]} Rf2 {[%clk 00:17:27]} {[%emt
00:01:56]} 27. Qxf2 {[%clk 00:24:12]} {[%emt 00:00:31]} Qxf2+ {[%clk 00:15:54]}
{[%emt 00:02:03]} 28. Kxf2 {[%clk 00:23:55]} {[%emt 00:00:47]} 1-0

[Event "DEM U14w 2023"]
[Site "Willingen GER"]
[Date "2023.05.29"]
[Round "3"]
[White "Oellrich, Emma"]
[Black "Bezsonna, Polina"]
[Result "0-1"]
[Termination "normal"]
[Board "4"]
[WhiteElo "1525"]
[BlackElo "1629"]
[WhiteClock "00:00:34"]
[BlackClock "00:00:59"]
[PlyCount "144"]
[WhiteFideId "16268806"]
[BlackFideId "14191156"]
[EventCountry "GER"]
[EventRounds "9"]
[EventType "swiss"]
[EventDate "2023.05.27"]

1. d4 {[%clk 01:30:59]} Nf6 {[%clk 01:30:52]} {[%emt 00:00:08]} 2. c4 {[%clk
01:31:24]} {[%emt 00:00:05]} g6 {[%clk 01:31:13]} {[%emt 00:00:09]} 3. Nc3
{[%clk 01:31:43]} {[%emt 00:00:11]} Bg7 {[%clk 01:31:35]} {[%emt 00:00:08]} 4.
e4 {[%clk 01:31:53]} {[%emt 00:00:19]} d6 {[%clk 01:32:00]} {[%emt 00:00:05]}
5. Nf3 {[%clk 01:32:13]} {[%emt 00:00:10]} O-O {[%clk 01:32:18]} {[%emt
00:00:13]} 6. Be2 {[%clk 01:32:37]} {[%emt 00:00:05]} Bg4 {[%clk 01:32:40]}
{[%emt 00:00:08]} 7. h3 {[%clk 01:32:50]} {[%emt 00:00:18]} Bxf3 {[%clk
01:33:01]} {[%emt 00:00:09]} 8. Bxf3 {[%clk 01:33:12]} {[%emt 00:00:07]} Nfd7
{[%clk 01:31:58]} {[%emt 00:01:34]} 9. O-O {[%clk 01:32:35]} {[%emt 00:01:06]}
Nc6 {[%clk 01:27:16]} {[%emt 00:05:13]} 10. Be3 {[%clk 01:30:04]} {[%emt
00:03:01]} e5 {[%clk 01:26:05]} {[%emt 00:01:40]} 11. d5 {[%clk 01:23:26]}
{[%emt 00:07:09]} Nd4 {[%clk 01:19:51]} {[%emt 00:06:44]} 12. Bxd4 {[%clk
01:09:56]} {[%emt 00:14:00]} exd4 {[%clk 01:20:13]} {[%emt 00:00:08]} 13. Nb5
{[%clk 00:53:41]} {[%emt 00:16:44]} d3 {[%clk 01:06:58]} {[%emt 00:13:45]} 14.
Qxd3 {[%clk 00:44:56]} {[%emt 00:09:15]} Bxb2 {[%clk 01:02:59]} {[%emt
00:04:30]} 15. Rab1 {[%clk 00:44:32]} {[%emt 00:00:53]} Bg7 {[%clk 01:02:53]}
{[%emt 00:00:35]} 16. Qe3 {[%clk 00:42:10]} {[%emt 00:02:53]} a6 {[%clk
00:55:58]} {[%emt 00:07:25]} 17. Nd4 {[%clk 00:40:39]} {[%emt 00:02:01]} Nc5
{[%clk 00:55:41]} {[%emt 00:00:48]} 18. Nb3 {[%clk 00:38:50]} {[%emt 00:02:18]}
Nd7 {[%clk 00:41:01]} {[%emt 00:15:10]} 19. Na5 {[%clk 00:33:27]} {[%emt
00:05:53]} b6 {[%clk 00:41:10]} {[%emt 00:00:22]} 20. Nc6 {[%clk 00:33:29]}
{[%emt 00:00:26]} Qh4 {[%clk 00:41:00]} {[%emt 00:00:39]} 21. Kh2 {[%clk
00:20:11]} {[%emt 00:13:48]} Be5+ {[%clk 00:33:43]} {[%emt 00:07:48]} 22. Nxe5
{[%clk 00:17:43]} {[%emt 00:02:59]} Nxe5 {[%clk 00:33:05]} {[%emt 00:01:08]}
23. g3 {[%clk 00:14:20]} {[%emt 00:03:53]} Qe7 {[%clk 00:27:29]} {[%emt
00:06:06]} 24. Rbc1 {[%clk 00:13:24]} {[%emt 00:01:27]} Rae8 {[%clk 00:24:31]}
{[%emt 00:03:27]} 25. Bg2 {[%clk 00:12:24]} {[%emt 00:01:30]} f5 {[%clk
00:21:17]} {[%emt 00:03:44]} 26. exf5 {[%clk 00:11:12]} {[%emt 00:01:42]} Rxf5
{[%clk 00:16:42]} {[%emt 00:05:04]} 27. Rce1 {[%clk 00:09:14]} {[%emt
00:02:29]} Qf7 {[%clk 00:15:17]} {[%emt 00:01:55]} 28. Kh1 {[%clk 00:08:44]}
{[%emt 00:01:00]} Rf8 {[%clk 00:14:41]} {[%emt 00:01:06]} 29. f4 {[%clk
00:06:06]} {[%emt 00:03:09]} Nxc4 {[%clk 00:11:46]} {[%emt 00:03:25]} 30. Qd3
{[%clk 00:02:25]} {[%emt 00:04:09]} b5 {[%clk 00:11:12]} {[%emt 00:01:05]} 31.
h4 {[%clk 00:01:52]} {[%emt 00:01:03]} Kh8 {[%clk 00:09:54]} {[%emt 00:01:48]}
32. Qd4+ {[%clk 00:01:50]} {[%emt 00:00:32]} Qg7 {[%clk 00:09:18]} {[%emt
00:01:06]} 33. Qxg7+ {[%clk 00:01:04]} {[%emt 00:01:16]} Kxg7 {[%clk 00:09:35]}
{[%emt 00:00:13]} 34. Re7+ {[%clk 00:01:29]} {[%emt 00:00:05]} R5f7 {[%clk
00:09:09]} {[%emt 00:00:56]} 35. Rfe1 {[%clk 00:00:50]} {[%emt 00:01:09]} Nb6
{[%clk 00:05:21]} {[%emt 00:04:18]} 36. R7e2 {[%clk 00:00:34]} {[%emt
00:00:46]} Rd8 {[%clk 00:01:26]} {[%emt 00:04:25]} 37. Re7 {[%clk 00:00:43]}
{[%emt 00:00:21]} Kf8 {[%clk 00:01:12]} {[%emt 00:00:43]} 38. R7e2 {[%clk
00:00:43]} {[%emt 00:00:30]} Rdd7 {[%clk 00:01:03]} {[%emt 00:00:40]} 39. Re8+
{[%clk 00:00:50]} {[%emt 00:00:22]} Kg7 {[%clk 00:01:31]} {[%emt 00:00:03]} 40.
Bh3 {[%clk 00:01:12]} {[%emt 00:00:08]} Nxd5 {[%clk 00:01:12]} {[%emt
00:00:49]} 41. Bxd7 {[%clk 00:01:09]} {[%emt 00:00:34]} Rxd7 {[%clk 00:01:29]}
{[%emt 00:00:12]} 42. Ra8 {[%clk 00:00:36]} {[%emt 00:01:03]} Nb4 {[%clk
00:24:06]} {[%emt 00:07:53]} 43. Rb1 {[%clk 00:28:43]} {[%emt 00:02:23]} Nxa2
{[%clk 00:18:53]} {[%emt 00:05:43]} 44. Rxa6 {[%clk 00:28:45]} {[%emt
00:00:27]} Nc3 {[%clk 00:18:46]} {[%emt 00:00:38]} 45. Rb3 {[%clk 00:27:51]}
{[%emt 00:01:24]} Ne2 {[%clk 00:18:00]} {[%emt 00:01:15]} 46. Rxb5 {[%clk
00:27:09]} {[%emt 00:01:13]} Nxg3+ {[%clk 00:17:18]} {[%emt 00:01:11]} 47. Kg2
{[%clk 00:27:15]} {[%emt 00:00:24]} Ne2 {[%clk 00:16:30]} {[%emt 00:01:18]} 48.
Rb4 {[%clk 00:25:11]} {[%emt 00:02:34]} c5 {[%clk 00:12:32]} {[%emt 00:04:29]}
49. Rba4 {[%clk 00:23:38]} {[%emt 00:02:03]} h5 {[%clk 00:06:18]} {[%emt
00:06:44]} 50. Ra7 {[%clk 00:22:19]} {[%emt 00:01:48]} Rxa7 {[%clk 00:06:34]}
{[%emt 00:00:15]} 51. Rxa7+ {[%clk 00:22:44]} {[%emt 00:00:06]} Kf6 {[%clk
00:07:01]} {[%emt 00:00:02]} 52. Kf3 {[%clk 00:21:45]} {[%emt 00:01:28]} Nd4+
{[%clk 00:06:53]} {[%emt 00:00:38]} 53. Ke4 {[%clk 00:19:38]} {[%emt 00:02:37]}
Ke6 {[%clk 00:05:46]} {[%emt 00:01:38]} 54. Ra1 {[%clk 00:14:54]} {[%emt
00:05:12]} Nf5 {[%clk 00:04:46]} {[%emt 00:01:31]} 55. Rg1 {[%clk 00:12:27]}
{[%emt 00:02:56]} d5+ {[%clk 00:04:22]} {[%emt 00:00:55]} 56. Kd3 {[%clk
00:12:00]} {[%emt 00:00:57]} Nxh4 {[%clk 00:01:11]} {[%emt 00:03:42]} 57. Rg5
{[%clk 00:11:08]} {[%emt 00:01:21]} c4+ {[%clk 00:01:30]} {[%emt 00:00:12]} 58.
Kc3 {[%clk 00:10:54]} {[%emt 00:00:42]} Kf6 {[%clk 00:01:23]} {[%emt 00:00:39]}
59. Rxd5 {[%clk 00:10:49]} {[%emt 00:00:35]} Ng2 {[%emt 00:00:32]} 60. Ra5
{[%clk 00:08:53]} {[%emt 00:01:55]} Nxf4 {[%clk 00:02:03]} {[%emt 00:00:19]}
61. Kxc4 {[%clk 00:09:16]} {[%emt 00:00:07]} h4 {[%clk 00:02:07]} {[%emt
00:00:25]} 62. Kd4 {[%clk 00:07:33]} {[%emt 00:02:12]} h3 {[%clk 00:00:53]}
{[%emt 00:01:45]} 63. Ra2 {[%clk 00:06:12]} {[%emt 00:01:50]} Kf5 {[%clk
00:00:40]} {[%emt 00:00:45]} 64. Ke3 {[%clk 00:03:26]} {[%emt 00:03:14]} Kg4
{[%clk 00:01:09]} {[%emt 00:00:03]} 65. Ra4 {[%clk 00:01:46]} {[%emt 00:02:10]}
g5 {[%clk 00:01:35]} {[%emt 00:00:04]} 66. Ra1 {[%clk 00:00:36]} {[%emt
00:01:40]} Kg3 {[%clk 00:01:19]} {[%emt 00:00:45]} 67. Rg1 {[%clk 00:00:33]}
{[%emt 00:00:33]} Ng2+ {[%clk 00:01:39]} {[%emt 00:00:10]} 68. Ke4 {[%clk
00:00:38]} {[%emt 00:00:27]} h2 {[%clk 00:01:05]} {[%emt 00:01:03]} 69. Rf1
{[%clk 00:00:34]} {[%emt 00:00:34]} Nf4 {[%clk 00:00:59]} {[%emt 00:00:36]} 70.
Rh1 {[%emt 00:00:45]} Kg2 {[%emt 00:00:01]} 71. Rxh2+ {[%emt 00:00:04]} Kxh2
{[%emt 00:00:01]} 72. Kf5 {[%emt 00:00:01]} Ne6 0-1

[Event "DEM U14w 2023"]
[Site "Willingen GER"]
[Date "2023.05.29"]
[Round "3"]
[White "Richter, Johanna"]
[Black "Moldovan, Stela"]
[Result "1-0"]
[Termination "normal"]
[Board "5"]
[WhiteElo "1431"]
[BlackElo "1335"]
[WhiteClock "01:01:34"]
[BlackClock "00:54:17"]
[PlyCount "107"]
[WhiteFideId "16278925"]
[BlackFideId "16287380"]
[EventCountry "GER"]
[EventRounds "9"]
[EventType "swiss"]
[EventDate "2023.05.27"]

1. d4 {[%clk 01:30:59]} {[%emt 00:11:16]} d5 {[%clk 01:30:53]} {[%emt
00:00:07]} 2. c4 {[%clk 01:31:25]} {[%emt 00:00:05]} e6 {[%clk 01:31:10]}
{[%emt 00:00:13]} 3. Nc3 {[%clk 01:31:45]} {[%emt 00:00:09]} c6 {[%clk
01:31:28]} {[%emt 00:00:13]} 4. Nf3 {[%clk 01:32:05]} {[%emt 00:00:10]} dxc4
{[%clk 01:31:30]} {[%emt 00:00:28]} 5. a4 {[%clk 01:32:31]} {[%emt 00:00:04]}
Bb4 {[%clk 01:31:12]} {[%emt 00:00:47]} 6. e3 {[%clk 01:29:49]} {[%emt
00:03:12]} b5 {[%clk 01:31:20]} {[%emt 00:00:22]} 7. Ne5 {[%clk 01:24:44]}
{[%emt 00:05:34]} Nf6 {[%clk 01:31:02]} {[%emt 00:00:49]} 8. Bd2 {[%clk
01:18:23]} {[%emt 00:06:52]} Bd7 {[%clk 01:28:33]} {[%emt 00:02:57]} 9. axb5
{[%clk 01:16:57]} {[%emt 00:01:57]} cxb5 {[%clk 01:28:46]} {[%emt 00:00:17]}
10. Qf3 {[%clk 01:17:19]} {[%emt 00:00:07]} Na6 {[%clk 01:23:36]} {[%emt
00:05:41]} 11. Nxd7 {[%clk 01:16:27]} {[%emt 00:01:22]} Nxd7 {[%clk 01:23:08]}
{[%emt 00:00:58]} 12. Rxa6 {[%clk 01:15:58]} {[%emt 00:00:58]} Bxc3 {[%clk
01:18:21]} {[%emt 00:05:18]} 13. Bxc3 {[%clk 01:14:58]} {[%emt 00:01:31]} O-O
{[%emt 00:00:47]} 14. Be2 {[%clk 01:14:20]} {[%emt 00:01:06]} Nf6 {[%clk
01:15:28]} {[%emt 00:03:08]} 15. O-O {[%clk 01:13:41]} {[%emt 00:01:09]} Nd5
{[%clk 01:15:39]} {[%emt 00:00:18]} 16. e4 {[%clk 01:09:47]} {[%emt 00:04:24]}
Qc8 {[%clk 01:04:53]} {[%emt 00:11:15]} 17. Rfa1 {[%clk 01:06:21]} {[%emt
00:03:56]} Nb6 {[%clk 01:02:54]} {[%emt 00:02:27]} 18. Rxa7 {[%clk 01:00:07]}
{[%emt 00:06:47]} Rxa7 {[%clk 01:02:58]} {[%emt 00:00:26]} 19. Rxa7 {[%clk
01:00:33]} {[%emt 00:00:04]} Na4 {[%clk 01:02:37]} {[%emt 00:00:51]} 20. e5
{[%clk 01:00:53]} {[%emt 00:00:10]} Nxc3 {[%emt 00:10:27]} 21. bxc3 {[%clk
00:58:15]} {[%emt 00:00:29]} b4 {[%clk 00:50:39]} {[%emt 00:05:11]} 22. cxb4
{[%clk 00:55:17]} {[%emt 00:03:27]} c3 {[%clk 00:49:41]} {[%emt 00:01:27]} 23.
Ra1 {[%clk 00:55:19]} {[%emt 00:00:28]} c2 {[%clk 00:50:01]} {[%emt 00:00:11]}
24. Rc1 {[%clk 00:55:44]} {[%emt 00:00:05]} Qb8 {[%clk 00:49:35]} {[%emt
00:00:54]} 25. Qb3 {[%clk 00:55:54]} {[%emt 00:00:22]} Rc8 {[%clk 00:48:25]}
{[%emt 00:01:39]} 26. Rxc2 {[%clk 00:56:06]} {[%emt 00:00:19]} Rxc2 {[%clk
00:48:47]} {[%emt 00:00:08]} 27. Qxc2 {[%clk 00:56:34]} {[%emt 00:00:02]} Qxb4
{[%clk 00:49:11]} {[%emt 00:00:06]} 28. Qc8+ {[%clk 00:56:08]} {[%emt
00:00:56]} Qf8 {[%clk 00:49:35]} {[%emt 00:00:06]} 29. Qxf8+ {[%clk 00:56:25]}
{[%emt 00:00:13]} Kxf8 {[%clk 00:50:03]} {[%emt 00:00:01]} 30. f4 {[%clk
00:56:41]} {[%emt 00:00:15]} Ke7 {[%clk 00:50:15]} {[%emt 00:00:17]} 31. Kf2
{[%clk 00:57:03]} {[%emt 00:00:08]} f6 {[%clk 00:50:11]} {[%emt 00:00:34]} 32.
g4 {[%clk 00:57:04]} {[%emt 00:00:29]} h6 {[%clk 00:50:17]} {[%emt 00:00:25]}
33. Ke3 {[%clk 00:57:05]} {[%emt 00:00:29]} g6 {[%clk 00:50:23]} {[%emt
00:00:24]} 34. Bd3 {[%clk 00:56:37]} {[%emt 00:00:58]} f5 {[%clk 00:50:35]}
{[%emt 00:00:19]} 35. gxf5 {[%clk 00:56:47]} {[%emt 00:00:18]} gxf5 {[%clk
00:50:53]} {[%emt 00:00:13]} 36. Kf3 {[%clk 00:56:58]} {[%emt 00:00:19]} Kd7
{[%clk 00:50:17]} {[%emt 00:01:06]} 37. Bc4 {[%clk 00:57:22]} {[%emt 00:00:06]}
h5 {[%clk 00:50:32]} {[%emt 00:00:14]} 38. Kg3 {[%clk 00:57:48]} {[%emt
00:00:05]} Ke7 {[%clk 00:49:27]} {[%emt 00:01:34]} 39. Kh4 {[%clk 00:58:10]}
{[%emt 00:00:09]} Kf7 {[%clk 00:49:52]} {[%emt 00:00:06]} 40. Kxh5 {[%clk
00:58:28]} {[%emt 00:00:11]} Kg7 {[%clk 00:49:58]} {[%emt 00:00:23]} 41. Bxe6
{[%clk 00:58:47]} {[%emt 00:00:12]} Kh7 {[%clk 00:50:18]} {[%emt 00:00:10]} 42.
d5 {[%clk 00:59:08]} {[%emt 00:00:10]} Kg7 {[%clk 00:50:34]} {[%emt 00:00:13]}
43. d6 {[%clk 00:59:33]} {[%emt 00:00:05]} Kf8 {[%clk 00:51:00]} {[%emt
00:00:04]} 44. Bxf5 {[%clk 00:59:33]} {[%emt 00:00:30]} Ke8 {[%clk 00:51:22]}
{[%emt 00:00:08]} 45. d7+ {[%clk 00:59:44]} {[%emt 00:00:19]} Kd8 {[%clk
00:51:47]} {[%emt 00:00:04]} 46. e6 {[%clk 00:59:54]} {[%emt 00:00:20]} Ke7
{[%clk 00:52:09]} {[%emt 00:00:08]} 47. Kg6 {[%clk 01:00:12]} {[%emt 00:00:11]}
Kd8 {[%clk 00:52:17]} {[%emt 00:00:24]} 48. Kf7 {[%clk 01:00:07]} {[%emt
00:00:34]} Kc7 {[%clk 00:52:41]} {[%emt 00:00:07]} 49. e7 {[%clk 01:00:29]}
{[%emt 00:00:08]} Kb6 {[%clk 00:53:04]} {[%emt 00:00:07]} 50. d8=Q+ {[%clk
01:00:45]} {[%emt 00:00:13]} Kc5 {[%clk 00:53:22]} {[%emt 00:00:13]} 51. Qc7+
{[%clk 01:00:53]} {[%emt 00:00:22]} Kb4 {[%clk 00:53:39]} {[%emt 00:00:14]} 52.
e8=R {[%clk 01:00:59]} {[%emt 00:00:22]} Ka3 {[%clk 00:53:56]} {[%emt
00:00:14]} 53. Rb8 {[%clk 01:01:15]} {[%emt 00:00:14]} Ka2 {[%clk 00:54:17]}
{[%emt 00:00:09]} 54. Qa7# {[%clk 01:01:34]} {[%emt 00:00:10]} 1-0

[Event "DEM U14w 2023"]
[Site "Willingen GER"]
[Date "2023.05.29"]
[Round "3"]
[White "Huber, Laura"]
[Black "Bauer, Laura Sophie"]
[Result "1/2-1/2"]
[Termination "normal"]
[Board "6"]
[WhiteElo "1388"]
[BlackElo "1627"]
[WhiteClock "00:39:13"]
[BlackClock "00:54:03"]
[PlyCount "43"]
[WhiteFideId "16270940"]
[BlackFideId "16253647"]
[EventCountry "GER"]
[EventRounds "9"]
[EventType "swiss"]
[EventDate "2023.05.27"]

1. e4 {[%emt 0:00:01]} c5 {[%emt 0:00:07]} 2. Be2 {[%emt 0:00:04]} g6 {[%emt
0:00:23]} 3. f4 {[%emt 0:00:11]} Bg7 {[%emt 0:00:18]} 4. Nf3 {[%emt 0:00:42]}
Nc6 {[%emt 0:02:56]} 5. d3 {[%emt 0:01:01]} e6 {[%emt 0:00:48]} 6. O-O {[%emt
0:04:02]} Nge7 {[%emt 0:01:30]} 7. c3 {[%emt 0:01:09]} Qb6 {[%emt 0:03:35]} 8.
Kh1 d5 {[%emt 0:10:49]} 9. Na3 a6 {[%emt 0:12:31]} 10. Qe1 {[%emt 0:18:55]} Qd8
11. Nc2 b5 {[%emt 0:06:14]} 12. Be3 d4 {[%emt 0:05:36]} 13. cxd4 Nxd4 {[%emt
0:01:57]} 14. Ncxd4 cxd4 {[%emt 0:04:53]} 15. Bd2 Bb7 {[%emt 0:04:58]} 16. e5
Nf5 {[%emt 0:20:16]} 17. Qf2 O-O 18. Ng5 Qd7 19. Ne4 Rfc8 20. Rac1 Bxe4 21.
dxe4 d3 22. exf5 1/2-1/2

[Event "DEM U14w 2023"]
[Site "Willingen GER"]
[Date "2023.05.29"]
[Round "3"]
[White "Dodul, Alice"]
[Black "Neumeier, Valentina"]
[Result "0-1"]
[Termination "normal"]
[Board "7"]
[WhiteElo "1430"]
[BlackElo "1549"]
[WhiteClock "00:30:12"]
[BlackClock "00:13:53"]
[PlyCount "67"]
[WhiteFideId "34623817"]
[BlackFideId "34608222"]
[EventCountry "GER"]
[EventRounds "9"]
[EventType "swiss"]
[EventDate "2023.05.27"]

1. e4 {[%clk 01:30:59]} e5 {[%clk 01:30:55]} {[%emt 00:00:06]} 2. Nf3 {[%clk
01:31:20]} {[%emt 00:00:08]} Nc6 {[%clk 01:31:18]} {[%emt 00:00:07]} 3. Nc3
{[%clk 01:31:39]} {[%emt 00:00:11]} Nf6 {[%clk 01:31:28]} {[%emt 00:00:20]} 4.
a3 {[%clk 01:31:58]} {[%emt 00:00:11]} d6 {[%clk 01:28:47]} {[%emt 00:03:12]}
5. d4 {[%clk 01:31:49]} {[%emt 00:00:38]} Bg4 {[%clk 01:27:56]} {[%emt
00:01:22]} 6. Bb5 {[%clk 01:28:23]} {[%emt 00:03:56]} exd4 {[%clk 01:17:46]}
{[%emt 00:10:40]} 7. Qxd4 {[%clk 01:23:38]} {[%emt 00:05:14]} Bd7 {[%clk
01:14:16]} {[%emt 00:04:00]} 8. Qd3 {[%clk 01:21:20]} {[%emt 00:02:48]} Be7
{[%clk 01:11:01]} {[%emt 00:03:46]} 9. Bf4 {[%clk 01:18:51]} {[%emt 00:02:58]}
a6 {[%clk 01:08:19]} {[%emt 00:03:13]} 10. Bc4 {[%clk 01:17:23]} {[%emt
00:01:56]} O-O {[%clk 01:05:43]} {[%emt 00:03:08]} 11. h3 {[%clk 01:10:58]}
{[%emt 00:06:54]} b5 {[%clk 01:01:37]} {[%emt 00:04:36]} 12. Bb3 {[%clk
01:05:20]} {[%emt 00:06:08]} Qc8 {[%clk 00:42:29]} {[%emt 00:19:39]} 13. g4
{[%clk 01:01:02]} {[%emt 00:04:47]} Be6 {[%clk 00:41:02]} {[%emt 00:01:57]} 14.
Nd2 {[%clk 00:59:05]} {[%emt 00:02:26]} Bxb3 {[%clk 00:40:08]} {[%emt
00:01:25]} 15. Nxb3 {[%clk 00:57:12]} {[%emt 00:02:23]} Ne5 {[%clk 00:39:23]}
{[%emt 00:01:15]} 16. Bxe5 {[%clk 00:53:31]} {[%emt 00:04:11]} dxe5 {[%clk
00:39:44]} {[%emt 00:00:10]} 17. Qg3 {[%clk 00:53:18]} {[%emt 00:00:41]} Qe6
{[%clk 00:37:24]} {[%emt 00:02:52]} 18. f3 {[%clk 00:51:26]} {[%emt 00:02:22]}
Rad8 {[%clk 00:35:35]} {[%emt 00:02:19]} 19. h4 {[%clk 00:50:01]} {[%emt
00:01:54]} c5 {[%clk 00:34:13]} {[%emt 00:01:52]} 20. h5 {[%clk 00:48:49]}
{[%emt 00:01:42]} c4 {[%clk 00:33:42]} {[%emt 00:01:01]} 21. Nd2 {[%clk
00:48:15]} {[%emt 00:01:04]} Bc5 {[%clk 00:28:57]} {[%emt 00:05:15]} 22. g5
{[%clk 00:45:28]} {[%emt 00:03:17]} Nd7 {[%clk 00:23:38]} {[%emt 00:05:50]} 23.
Rh2 {[%clk 00:41:50]} {[%emt 00:04:07]} Nb6 {[%clk 00:21:36]} {[%emt 00:02:32]}
24. Rg2 {[%clk 00:37:53]} {[%emt 00:04:27]} Be3 {[%clk 00:19:46]} {[%emt
00:02:20]} 25. O-O-O {[%clk 00:34:17]} {[%emt 00:04:05]} Bf4 {[%clk 00:17:41]}
{[%emt 00:02:36]} 26. Qf2 {[%clk 00:32:58]} {[%emt 00:01:49]} Na4 {[%clk
00:17:10]} {[%emt 00:01:01]} 27. Nd5 {[%clk 00:30:12]} {[%emt 00:03:16]} c3
{[%clk 00:13:53]} {[%emt 00:03:47]} 28. bxc3 Rxd5 {[%clk 00:13:53]} 29. exd5
Qxd5 {[%clk 00:13:53]} 30. c4 Qxc4 {[%clk 00:13:53]} 31. Rdg1 Qa2 {[%clk
00:13:53]} 32. Kd1 Nb2+ {[%clk 00:13:53]} 33. Ke1 Qa1+ {[%clk 00:13:53]} 34.
Nb1 0-1